| 000 | 00593nam a2200169 i 4500 | ||
|---|---|---|---|
| 001 | 133989 | ||
| 003 | ES-MaACL | ||
| 005 | 20230906194556.0 | ||
| 007 | t| | ||
| 008 | 070904s1979 ch ||||1| eng d | ||
| 100 | 1 |
_aWang, Shao-nan. _9220010 |
|
| 245 | 1 | 0 |
_aOn the question of "Peaceful Unification" initiated by the chinese communists from the viewpoint of the current social situation on the China Mainland / _cby Wang-Shao-nan. |
| 260 |
_a[Taiwan] : _bWorld Anti-Communist League, _c1979. |
||
| 300 |
_a28 p. ; _c19 cm. |
||
| 852 |
_aES-MaACL _j2097-F-23 _bR.99438 |
||
| 999 |
_c133989 _d133989 |
||